000 00861nam a2200253Ia 4500
008 191130s2001##################000#0#eng##
020 _a9780815340621
022 _a2001038717
040 _aACL
_cACL
082 _a345.7304 FIN
245 _aThe role of mental illness in criminal trials
_cedited with introductions by Jane Campbell Moriarty
260 _aNew York ; London
_bRoutledge
_c2001
300 _a3 v. ; 24 cm.
500 _aIncludes bibliographical references
650 _aCompetency to stand trial - United States
650 _aCriminal liability - United States
650 _aForensic psychiatry - United States
650 _aInsanity (Law) - United States
650 _aInsanity defense - United States
700 _aMoriarty, Jane Campbell
990 _a6d12027dac10000c3fd982c72cc9aede
991 _a310098
999 _c296010
_d296010